Adolescenti che non escono di casa. (Record n. 359790)
[ formato base ]
| 000 -LEADER | |
|---|---|
| campo di controllo lung. fissa | 01240nam a22002177a 4500 |
| 003 - Identificatore del numero di controllo | |
| campo di controllo | IT-MiCISF |
| 005 - Data e orario dell'ultima transazione | |
| campo di controllo | 20230901105532.0 |
| 008 - Elementi di lunghezza fissa--Informazione generale | |
| campo di controllo lung. fissa | 230901b |||||||| |||| 00| 0 eng d |
| 020 ## - ISBN (International Standard Book Number) | |
| ISBN (International Standard Book Number) | 9788815295491 |
| 040 ## - Fonte della catalogazione | |
| Agenzia che fa la trascrizione | IT-MiCISF |
| 041 ## - Codice di lingua | |
| Codice di lingua del testo/traccia sonora o titolo separato | it |
| 100 ## - Accesso principale -- nome di persona | |
| Nome di persona | Vicari Stefano, Pontillo Maria |
| 9 (RLIN) | 60197 |
| 245 ## - Formulazione del titolo | |
| Titolo | Adolescenti che non escono di casa. |
| Complemento del titolo | Non solo Hikikomori |
| 260 ## - Pubblicazione, distribuzione, ecc. (stampa) | |
| Luogo di pubblicazione, distribuzione, ecc. | Bologna, |
| Nome dell'editore, distributore, ecc. | Il Mulino, |
| Data di pubblicazione, distribuzione, ecc. | 2022 |
| 300 ## - Descrizione fisica | |
| Estensione | pp. 132 |
| 500 ## - Nota generale | |
| Nota generale | adolescenza, disadattamento, terapia, educazione, salute-mentale |
| 520 ## - Riassunto, ecc. | |
| Nota di riassunto, ecc. | Marco, Federica, Alessia, Giulio sono alcuni dei protagonisti di questo libro. Bambini e adolescenti che si rifiutano di uscire di casa, di incontrare i coetanei e di avere rapporti sociali. Non chiedono aiuto né accettano facilmente di riceverlo e l’unico contatto con il mondo esterno è internet. Ma non sono le nuove tecnologie la causa del loro ritiro sociale. La vera minaccia da cui sentono di doversi proteggere è il giudizio degli altri. Gli autori, avvalendosi di storie vere, raccontano questo disturbo sempre più diffuso, le forme che assume e spiegano quali sono i campanelli di allarme e gli interventi possibili. |
| 650 ## - Accesso aggiunto di soggetto--termine topico | |
| Termine topico o nome geografico come accesso | età-evolutiva |
| 654 ## - Accesso aggiunto di soggetto--termini topici faccettati | |
| Termine principale | saggio |
| 942 ## - Dati aggiuntivi (Koha) | |
| Fonte della classificazione o dello schema di collocazione (segnatura) | Dewey Decimal Classification |
| Tipo copia default (Koha) | LIBRO |
| Ritirato (status) | Perso (status) | Fonte della classificazione o dello schema di collocazione (segnatura) | Danneggiato (status) | Non per il presito | Biblioteca proprietaria | Biblioteca in cui si trova | Data d'acquisizione | Totale prestiti | Collocazione | Codice a barre | Data ultima operazione | Prezzo in vigore dal | Tipo copia default (Koha) |
|---|---|---|---|---|---|---|---|---|---|---|---|---|---|
| Dewey Decimal Classification | Buone Condizioni | Not For Loan | CISF - Milano | CISF - Milano | 01/09/2023 | A2418 | 9788815295491 | 01/09/2023 | 01/09/2023 | LIBRO |